Statistics for Sacramento Kings Top 10 Leaders

Click here to take the quiz!

General Stats

  • This quiz has been taken 156 times
  • The average score is 10 of 30

Answer Stats

Answer% Correct
Oscar Robertson
91%
Chris Webber
80%
Spud Webb
80%
DeMarcus Cousins
80%
Vlade Divac
71%
Peja Stojakovic
71%
Mike Bibby
61%
Mitch Richmond
58%
Eddie Johnson
44%
Tiny Archibald
41%
Adrian Smith
35%
Jerry Lucas
35%
Doug Christie
33%
Brad Miller
28%
Jack Twyman
25%
Sam Lacey
18%
Reggie Theus
15%
LaSalle Thompson
15%
Jason Thompson
15%
Arnie Risen
11%
Bob Davies
9%
Wayne Embry
9%
Phil Ford
8%
Scott Wedman
8%
Duane Causwell
7%
Bobby Wanzer
7%
Lionel Simmons
7%
Francisco Garcia
4%
Larry Drew
3%
Mike Woodson
1%

Score Distribution

Percentile by Number Answered

Percent of People with Each Score

Your Score History

You have not taken this quiz